| Tag |
First Indicator |
Second Indicator |
Subfields |
| LEADER |
00000cam a22000005a 4500 |
| 001 |
in00001403486 |
| 005 |
20151020055532.0 |
| 008 |
980212s1997 enk 000 0 eng d |
| 020 |
|
|
|a 0727726099
|
| 035 |
|
|
|a (OCoLC)38422846
|
| 035 |
|
|
|9 AHN4736AM
|
| 040 |
|
|
|a EUN
|c EUN
|d TXA
|d UtOrBLW
|
| 049 |
|
|
|a TXAM
|
| 090 |
|
|
|a TD491
|b .B87 1997
|
| 100 |
1 |
|
|a Burstall, Tim.
|
| 245 |
1 |
0 |
|a Bulk water pipelines /
|c Tim Burstall.
|
| 264 |
|
1 |
|a London :
|b Thomas Telford,
|c 1997.
|
| 300 |
|
|
|a xxi, 183 pages :
|b illustrations, plans ;
|c 24 cm.
|
| 336 |
|
|
|a text
|b txt
|2 rdacontent
|
| 337 |
|
|
|a unmediated
|b n
|2 rdamedia
|
| 338 |
|
|
|a volume
|b nc
|2 rdacarrier
|
| 650 |
|
0 |
|a Water-pipes
|x Maintenance and repair.
|
| 650 |
|
0 |
|a Pipelines
|x Design and construction.
|
| 650 |
|
0 |
|a Water
|x Distribution.
|
| 650 |
|
0 |
|a Pipelines
|x Maintenance and repair.
|
| 650 |
|
0 |
|a Water-pipes
|x Design and construction.
|
| 948 |
|
|
|a c:blr
|
| 999 |
|
|
|a MARS
|
| 999 |
f |
f |
|s 9024d6dd-9da9-3427-ac26-4ca12d8f0219
|i 2b46552a-12d9-31bd-be4b-98dd470a34fb
|t 0
|
| 952 |
f |
f |
|p ric
|a Texas A&M University
|b Rellis Campus
|c Joint Library Facility
|d Remote Storage
|t 0
|e TD491 .B87 1997
|h Library of Congress classification
|i unmediated -- volume
|m A14822102419
|
| 998 |
f |
f |
|a TD491 .B87 1997
|t 0
|l Remote Storage
|